[Event "Oberliga Ost B 2018 2019"]
[Site "?"]
[Date "2019.03.24"]
[Round "9.2"]
[White "Lubbe, Melanie"]
[Black "Geske, Julian"]
[Result "1/2-1/2"]
[WhiteElo "2288"]
[BlackElo "2383"]
[PlyCount "108"]
[EventDate "2018.10.21"]
[EventType "team-tourn"]
[EventCountry "GER"]
[WhiteTeam "Neuberg SF"]
[BlackTeam "Wiesbadener SV"]
[WhiteTeamCountry "GER"]
[BlackTeamCountry "GER"]

1. e4 c6 2. d4 d5 3. Nc3 dxe4 4. Nxe4 Nd7 5. Ng5 Ngf6 6. Bd3 e6 7. Qe2 Bd6 8.
N1f3 h6 9. Ne4 Nxe4 10. Qxe4 Qc7 11. Bd2 b6 12. O-O-O Bb7 13. Qe2 c5 14. dxc5
Nxc5 15. Bb5+ Kf8 16. Bc3 a6 17. Bd3 Nxd3+ 18. Qxd3 Rd8 19. Ne5 Ke7 20. Qg3
Rhg8 21. Bb4 Bd5 22. Rhe1 Bxb4 23. Qh4+ f6 24. Qxb4+ Qc5 25. Ng6+ Kf7 26. Qxc5
bxc5 27. Nf4 g5 28. Nxd5 Rxd5 29. Rxd5 exd5 30. Kd2 Rb8 31. b3 Rb4 32. Re3 Rh4
33. h3 Rf4 34. f3 c4 35. Rc3 Rd4+ 36. Ke2 Ke6 37. b4 h5 38. Ra3 c3 39. Rxc3
Rxb4 40. Rc6+ Ke5 41. Rxa6 h4 42. a4 Rb1 43. a5 Ra1 44. Kd3 Ra3+ 45. Kd2 f5 46.
Rg6 Rxa5 47. Rxg5 Ra4 48. Rg8 Kf4 49. Kd3 Ra1 50. Ke2 Rc1 51. Kd2 Rg1 52. Rg7
Rf1 53. Ke2 Rc1 54. Kd2 Rf1 1/2-1/2

[Event "Oberliga Ost B 2018 2019"]
[Site "?"]
[Date "2019.03.24"]
[Round "9.4"]
[White "Wahedi, Ahmad Siar"]
[Black "Nehmert, Ulrich"]
[Result "0-1"]
[WhiteElo "2298"]
[BlackElo "2232"]
[PlyCount "50"]
[EventDate "2018.10.21"]
[EventType "team-tourn"]
[EventCountry "GER"]
[WhiteTeam "Neuberg SF"]
[BlackTeam "Wiesbadener SV"]
[WhiteTeamCountry "GER"]
[BlackTeamCountry "GER"]

1. d4 Nf6 2. Bg5 e6 3. e4 h6 4. Bxf6 Qxf6 5. Qd2 b6 6. e5 Qd8 7. f4 Bb7 8. Nc3
d6 9. exd6 Bxd6 10. O-O-O Qf6 11. Nh3 g5 12. Bb5+ Nd7 13. fxg5 Qg7 14. Bxd7+
Kxd7 15. d5 Rad8 16. dxe6+ fxe6 17. Nb5 Kc8 18. Nxd6+ Rxd6 19. Qe2 hxg5 20.
Rxd6 cxd6 21. Qg4 Bd5 22. Nxg5 Qe5 23. c4 Qe3+ 24. Kc2 Qf2+ 25. Kc3 Rh4 0-1

[Event "Oberliga Ost B 2018 2019"]
[Site "?"]
[Date "2019.03.24"]
[Round "9.5"]
[White "Kayser, Felix"]
[Black "Lutz, Klaus Juergen"]
[Result "0-1"]
[WhiteElo "2110"]
[BlackElo "2206"]
[PlyCount "104"]
[EventDate "2018.10.21"]
[EventType "team-tourn"]
[EventCountry "GER"]
[WhiteTeam "Wiesbadener SV"]
[BlackTeam "Neuberg SF"]
[WhiteTeamCountry "GER"]
[BlackTeamCountry "GER"]

1. e4 Nf6 2. e5 Nd5 3. d4 d6 4. c4 Nb6 5. exd6 exd6 6. Nc3 Be7 7. Bd3 Nc6 8.
Nge2 Bg4 9. f3 Bh5 10. O-O Bg6 11. Bxg6 hxg6 12. b3 d5 13. c5 Nc8 14. Bf4 a6
15. Rb1 Bf6 16. b4 O-O 17. a4 N8e7 18. b5 Na5 19. Qd3 Qd7 20. Rfc1 Rfe8 21. Kh1
g5 22. Bd2 axb5 23. axb5 g6 24. Ng3 c6 25. Be3 Nc4 26. Bf2 Ra3 27. Rb4 Kg7 28.
Qc2 Rea8 29. Rcb1 Qc7 30. bxc6 bxc6 31. Rb7 Qa5 32. Be1 Ra1 33. Qc1 Rxb1 34.
Qxb1 Qa6 35. h3 Na3 36. Qb6 Qd3 37. Nge2 Nc4 38. Qb1 Qe3 39. Rc7 Rh8 40. Qb7
Rxh3+ 41. gxh3 Qxf3+ 42. Kh2 Ne3 43. Nf4 Qxf4+ 44. Bg3 Nf1+ 45. Kg2 Qxg3+ 46.
Kxf1 Qf3+ 47. Ke1 Qxc3+ 48. Ke2 Qc2+ 49. Ke1 Qe4+ 50. Kf1 Bxd4 51. Rxe7 Qf3+
52. Ke1 Bc3# 0-1

[Event "Oberliga Ost B 2018 2019"]
[Site "?"]
[Date "2019.03.24"]
[Round "9.6"]
[White "Overbeck, Thorsten"]
[Black "Ungurean, Florin Ioan"]
[Result "1/2-1/2"]
[WhiteElo "2302"]
[BlackElo "2006"]
[PlyCount "80"]
[EventDate "2018.10.21"]
[EventType "team-tourn"]
[EventCountry "GER"]
[WhiteTeam "Neuberg SF"]
[BlackTeam "Wiesbadener SV"]
[WhiteTeamCountry "GER"]
[BlackTeamCountry "GER"]

1. d4 d5 2. c4 c6 3. Nf3 Nf6 4. e3 Bg4 5. h3 Bxf3 6. Qxf3 e6 7. Bd3 Nbd7 8. O-O
Bd6 9. Nc3 O-O 10. Qe2 Re8 11. Rd1 Qe7 12. e4 dxe4 13. Nxe4 Nxe4 14. Bxe4 Rad8
15. Be3 Nf8 16. g3 Qc7 17. Bg2 Ng6 18. Qc2 Be7 19. Rac1 Bf6 20. d5 c5 21. dxe6
Rxd1+ 22. Rxd1 Rxe6 23. Qa4 h5 24. Rd7 Qe5 25. Qxa7 h4 26. Rd5 Qc7 27. Rxc5 Qd7
28. Rd5 Qe8 29. g4 b6 30. Rd3 Ne5 31. Rd4 Nf3+ 32. Bxf3 Rxe3 33. fxe3 Qxe3+ 34.
Kg2 Qxd4 35. Qa8+ Bd8 36. Qd5 Qxb2+ 37. Kf1 Qc1+ 38. Ke2 Qc2+ 39. Kf1 Qc1+ 40.
Ke2 Qc2+ 1/2-1/2

[Event "Oberliga Ost B 2018 2019"]
[Site "?"]
[Date "2019.03.24"]
[Round "9.7"]
[White "Doehring, Joachim"]
[Black "Schaffer, Hendrik"]
[Result "0-1"]
[WhiteElo "2070"]
[BlackElo "2281"]
[PlyCount "68"]
[EventDate "2018.10.21"]
[EventType "team-tourn"]
[EventCountry "GER"]
[WhiteTeam "Wiesbadener SV"]
[BlackTeam "Neuberg SF"]
[WhiteTeamCountry "GER"]
[BlackTeamCountry "GER"]

1. Nf3 g6 2. c4 Bg7 3. g3 d6 4. d4 Nf6 5. Bg2 c6 6. O-O O-O 7. Nc3 Bf5 8. b3
Qa5 9. Qd2 e5 10. dxe5 dxe5 11. e4 Rd8 12. b4 Qc7 13. Qe2 Bg4 14. Be3 Nbd7 15.
h3 Bxf3 16. Bxf3 Nf8 17. Rac1 Ne6 18. Nd5 Qd7 19. Nxf6+ Bxf6 20. Bg4 Nd4 21.
Qb2 Qe7 22. c5 a5 23. a3 axb4 24. axb4 h5 25. Bd1 Qe6 26. Kg2 Ra2 27. Qb1 Ra3
28. Qb2 Nb5 29. Ra1 Rxa1 30. Qxa1 Qc4 31. Qb1 Nc3 32. Qb3 Qxe4+ 33. Bf3 Qd3 34.
Kh2 Qxf1 0-1

[Event "Oberliga Ost B 2018 2019"]
[Site "?"]
[Date "2019.03.24"]
[Round "9.8"]
[White "Bethke, Richard"]
[Black "Ochs, Daniel Elias"]
[Result "1-0"]
[WhiteElo "2199"]
[BlackElo "1898"]
[PlyCount "89"]
[EventDate "2018.10.21"]
[EventType "team-tourn"]
[EventCountry "GER"]
[WhiteTeam "Neuberg SF"]
[BlackTeam "Wiesbadener SV"]
[WhiteTeamCountry "GER"]
[BlackTeamCountry "GER"]

1. e4 e6 2. d4 d5 3. Nd2 Be7 4. Ngf3 Nf6 5. Bd3 c5 6. exd5 exd5 7. dxc5 Bxc5 8.
Qe2+ Be7 9. O-O O-O 10. c4 Nc6 11. Rd1 Bg4 12. h3 Bh5 13. Nb3 Bxf3 14. Qxf3 Ne5
15. Qe2 Nxd3 16. Rxd3 Qd7 17. cxd5 Rfd8 18. Bf4 Nxd5 19. Rxd5 Qxd5 20. Qxe7
Rac8 21. Re1 h6 22. Qe5 Qxe5 23. Bxe5 b6 24. Bc3 Rd7 25. Nd4 f6 26. Nf5 Rcd8
27. Kf1 Rd1 28. Rxd1 Rxd1+ 29. Ke2 Rd7 30. Nd4 Kf7 31. Kd3 Ke8 32. Kc4 Kd8 33.
Kb5 Kc7 34. Ka6 Kb8 35. Nb5 Re7 36. a4 Re4 37. Bd4 Ka8 38. b3 h5 39. g3 Re7 40.
h4 Re4 41. b4 Re7 42. a5 bxa5 43. bxa5 Re6+ 44. Bb6 axb6 45. Nc7+ 1-0

[Event "Oberliga Ost B 2018 2019"]
[Site "?"]
[Date "2019.04.06"]
[Round "10.1"]
[White "Konopka, Michal"]
[Black "Teske, Henrik"]
[Result "1/2-1/2"]
[WhiteElo "2355"]
[BlackElo "2476"]
[PlyCount "28"]
[EventDate "2018.10.21"]
[EventType "team-tourn"]
[EventCountry "GER"]
[WhiteTeam "Schoeneck SF"]
[BlackTeam "Erfurt SV Empor"]
[WhiteTeamCountry "GER"]
[BlackTeamCountry "GER"]

1. Nf3 d5 2. g3 Nf6 3. Bg2 c6 4. O-O Bf5 5. d3 Na6 6. c4 dxc4 7. dxc4 e6 8. Nc3
Qxd1 9. Rxd1 Bc2 10. Rd2 Bg6 11. Rd1 Bc2 12. Rd2 Bg6 13. Rd1 Bc2 14. Rd2 Bg6
1/2-1/2

[Event "Oberliga Ost B 2018 2019"]
[Site "?"]
[Date "2019.04.06"]
[Round "10.2"]
[White "Langheinrich, Ferenc"]
[Black "Everett, Elijah"]
[Result "1-0"]
[WhiteElo "2378"]
[BlackElo "2210"]
[PlyCount "61"]
[EventDate "2018.10.21"]
[EventType "team-tourn"]
[EventCountry "GER"]
[WhiteTeam "Erfurt SV Empor"]
[BlackTeam "Schoeneck SF"]
[WhiteTeamCountry "GER"]
[BlackTeamCountry "GER"]

1. Nf3 Nf6 2. g3 g6 3. Bg2 Bg7 4. d4 O-O 5. O-O d6 6. a4 a5 7. c3 Nbd7 8. Re1
e5 9. e4 Re8 10. Nbd2 Nb6 11. b3 Bd7 12. Bb2 Nh5 13. Qc2 h6 14. Rad1 Qe7 15.
Ba3 Qf6 16. h3 Rac8 17. dxe5 dxe5 18. c4 Rcd8 19. c5 Nc8 20. Nc4 Qa6 21. Bb2 f6
22. Nh4 Ne7 23. Bf1 Qa7 24. Ne3 Bf8 25. Qc4+ Kg7 26. Rxd7 Rxd7 27. Qe6 Red8 28.
Bc4 Kh7 29. Nxg6 Kxg6 30. Qf7+ Kg5 31. h4# 1-0

[Event "Oberliga Ost B 2018 2019"]
[Site "?"]
[Date "2019.04.06"]
[Round "10.3"]
[White "Marchio, Enrico"]
[Black "Urban, Lars"]
[Result "1-0"]
[WhiteElo "2322"]
[BlackElo "2200"]
[PlyCount "53"]
[EventDate "2018.10.21"]
[EventType "team-tourn"]
[EventCountry "GER"]
[WhiteTeam "Schoeneck SF"]
[BlackTeam "Erfurt SV Empor"]
[WhiteTeamCountry "GER"]
[BlackTeamCountry "GER"]

1. Nf3 d5 2. c4 dxc4 3. e3 a6 4. Bxc4 b5 5. Bb3 e6 6. O-O Bb7 7. d4 c5 8. Qe2
Nf6 9. a4 b4 10. Nbd2 Be7 11. Rd1 Qc7 12. e4 cxd4 13. e5 Nfd7 14. Nc4 Bxf3 15.
Qxf3 Nc6 16. Nd6+ Bxd6 17. exd6 Qxd6 18. Bf4 e5 19. Rac1 Rc8 20. Bxf7+ Ke7 21.
Bg5+ Nf6 22. Bd5 Na5 23. Qf5 Rxc1 24. Rxc1 Rd8 25. Qxh7 Rf8 26. Qxg7+ Kd8 27.
Be6 1-0

[Event "Oberliga Ost B 2018 2019"]
[Site "?"]
[Date "2019.04.06"]
[Round "10.4"]
[White "Weishaeutel, Moritz"]
[Black "Heinatz, Thomas"]
[Result "1/2-1/2"]
[WhiteElo "2278"]
[BlackElo "2311"]
[PlyCount "84"]
[EventDate "2018.10.21"]
[EventType "team-tourn"]
[EventCountry "GER"]
[WhiteTeam "Erfurt SV Empor"]
[BlackTeam "Schoeneck SF"]
[WhiteTeamCountry "GER"]
[BlackTeamCountry "GER"]

1. e4 c5 2. Nf3 Nc6 3. d4 cxd4 4. Nxd4 g6 5. c4 Bg7 6. Be3 Nf6 7. Nc3 d6 8. Be2
O-O 9. O-O Bd7 10. f3 Nxd4 11. Bxd4 a5 12. a3 a4 13. c5 e5 14. Be3 dxc5 15.
Bxc5 Re8 16. Be3 Qa5 17. Qe1 Bc6 18. Qf2 Nd7 19. Rfd1 Rac8 20. Nd5 Bf8 21. Rac1
Bxd5 22. Rxc8 Rxc8 23. Rxd5 Qc7 24. Bb5 Nc5 25. h4 h5 26. Kh2 b6 27. Qd2 Qe7
28. Bg5 Qc7 29. Bf6 Bg7 30. Rd8+ Kh7 31. Be7 Qxe7 32. Rxc8 Qxh4+ 33. Kg1 Bh6
34. Qf2 Qf4 35. Rc7 Qc1+ 36. Qf1 Be3+ 37. Kh1 Qxb2 38. Rxf7+ Kh6 39. Rf6 Kg5
40. Rxb6 Nxe4 41. Rxg6+ Kxg6 42. fxe4 Qc1 1/2-1/2

[Event "Oberliga Ost B 2018 2019"]
[Site "?"]
[Date "2019.04.06"]
[Round "10.5"]
[White "Nazarenus, Moritz"]
[Black "Michalowski, Peter"]
[Result "1-0"]
[WhiteElo "2260"]
[BlackElo "2105"]
[PlyCount "61"]
[EventDate "2018.10.21"]
[EventType "team-tourn"]
[EventCountry "GER"]
[WhiteTeam "Schoeneck SF"]
[BlackTeam "Erfurt SV Empor"]
[WhiteTeamCountry "GER"]
[BlackTeamCountry "GER"]

1. d4 Nf6 2. c4 e6 3. Nf3 d5 4. Nc3 Bb4 5. e3 O-O 6. Bd3 c5 7. O-O Nc6 8. a3
Bxc3 9. bxc3 Re8 10. Bb2 cxd4 11. cxd4 b6 12. Qe2 Ba6 13. Rac1 Rc8 14. Rfe1 Ne4
15. Rc2 Nd6 16. c5 Bxd3 17. Qxd3 Nc4 18. Ba1 f6 19. e4 Qd7 20. h4 Qf7 21. Rce2
Qg6 22. Nh2 bxc5 23. dxc5 N6e5 24. Qb3 dxe4 25. Bxe5 Nxe5 26. Rxe4 Qf7 27. Rc1
Nc6 28. Nf3 e5 29. Qa4 Qd5 30. Ree1 Red8 31. Qg4 1-0

[Event "Oberliga Ost B 2018 2019"]
[Site "?"]
[Date "2019.04.06"]
[Round "10.6"]
[White "Sieber, Stephan"]
[Black "Meyer, Kai Christian"]
[Result "0-1"]
[WhiteElo "2196"]
[BlackElo "2205"]
[PlyCount "96"]
[EventDate "2018.10.21"]
[EventType "team-tourn"]
[EventCountry "GER"]
[WhiteTeam "Erfurt SV Empor"]
[BlackTeam "Schoeneck SF"]
[WhiteTeamCountry "GER"]
[BlackTeamCountry "GER"]

1. e4 e5 2. Nf3 Nc6 3. Bb5 a6 4. Ba4 Nf6 5. Qe2 b5 6. Bb3 Be7 7. c3 d5 8. exd5
Nxd5 9. Nxe5 Nxe5 10. Qxe5 Nf6 11. O-O O-O 12. d4 Bd6 13. Qg5 Re8 14. h3 h6 15.
Qh4 Re4 16. f4 Bb7 17. Bd1 Re8 18. Nd2 c5 19. Bf3 Qb6 20. dxc5 Bxc5+ 21. Kh2
Rad8 22. Bxb7 Qxb7 23. Qg3 Re3 24. Nf3 Re2 25. Ng1 Rd3 26. Nxe2 Rxg3 27. Nxg3
h5 28. Rf3 h4 29. Nf1 Qe4 30. Be3 Bd6 31. Rd1 Bc7 32. Kh1 Qc2 33. Rd2 Qb1 34.
Kh2 Qxa2 35. g3 Ne4 36. Rg2 Qd5 37. gxh4 Qd1 38. Rfg3 Qxf1 39. Rxg7+ Kf8 40.
Rg8+ Ke7 41. R8g4 Nf6 42. Rf2 Nxg4+ 43. hxg4 Qd3 44. Bc5+ Ke6 45. h5 Qd1 46.
Kg3 f5 47. Rf3 fxg4 48. Kxg4 Kd5 0-1

[Event "Oberliga Ost B 2018 2019"]
[Site "?"]
[Date "2019.04.06"]
[Round "10.7"]
[White "Mueller, Achim"]
[Black "Heinke, Jasper"]
[Result "0-1"]
[WhiteElo "2094"]
[BlackElo "2025"]
[PlyCount "56"]
[EventDate "2018.10.21"]
[EventType "team-tourn"]
[EventCountry "GER"]
[WhiteTeam "Schoeneck SF"]
[BlackTeam "Erfurt SV Empor"]
[WhiteTeamCountry "GER"]
[BlackTeamCountry "GER"]

1. e4 e6 2. d3 d5 3. Nd2 Nf6 4. g3 c5 5. Bg2 Nc6 6. Ngf3 Be7 7. O-O O-O 8. e5
Nd7 9. Re1 b5 10. c4 bxc4 11. dxc4 Nb6 12. b3 a5 13. Rb1 a4 14. bxa4 Nxa4 15.
Qb3 Bd7 16. a3 Na5 17. Qc2 Bc6 18. h4 d4 19. Qd3 Nc3 20. Ra1 Qb6 21. Ng5 Bxg5
22. hxg5 Qb7 23. Be4 Bxe4 24. Nxe4 Nxe4 25. Rxe4 Qb3 26. Qe2 Qxc4 27. Qh5 Qc2
28. Qf3 Nb3 0-1

[Event "Oberliga Ost B 2018 2019"]
[Site "?"]
[Date "2019.04.06"]
[Round "10.8"]
[White "Pichl, Michael"]
[Black "Weiss, Matthias"]
[Result "0-1"]
[WhiteElo "2023"]
[BlackElo "2030"]
[PlyCount "74"]
[EventDate "2018.10.21"]
[EventType "team-tourn"]
[EventCountry "GER"]
[WhiteTeam "Erfurt SV Empor"]
[BlackTeam "Schoeneck SF"]
[WhiteTeamCountry "GER"]
[BlackTeamCountry "GER"]

1. g3 e5 2. Bg2 d5 3. c4 Nf6 4. cxd5 Nxd5 5. Nf3 Nc6 6. d3 Be7 7. a3 O-O 8. b4
Re8 9. Bb2 Bf8 10. Nbd2 Nb6 11. Rc1 f6 12. O-O Be6 13. b5 Ne7 14. d4 exd4 15.
Nxd4 Bd5 16. e4 Bf7 17. Qc2 c6 18. bxc6 Nxc6 19. Nxc6 bxc6 20. Rfd1 Rc8 21. Nc4
Qc7 22. Ne3 Kh8 23. Nf5 Nc4 24. Rd3 Nxb2 25. Qxb2 Rb8 26. Qc2 c5 27. h4 Qe5 28.
Rc3 Rb6 29. Ne3 Reb8 30. Nc4 Bxc4 31. Rxc4 Rb2 32. Qd3 Qd6 33. Qf3 Qd2 34. h5
Rb1 35. Rxb1 Rxb1+ 36. Bf1 Qe1 37. Qd3 Rd1 0-1

[Event "Oberliga Ost B 2018 2019"]
[Site "?"]
[Date "2019.04.06"]
[Round "10.1"]
[White "Braun, Vitali"]
[Black "Nguyen, Huy Dat"]
[Result "0-1"]
[WhiteElo "2384"]
[BlackElo "2172"]
[PlyCount "60"]
[EventDate "2018.10.21"]
[EventType "team-tourn"]
[EventCountry "GER"]
[WhiteTeam "Griesheim SV II"]
[BlackTeam "Erfurt SV Medizin"]
[WhiteTeamCountry "GER"]
[BlackTeamCountry "GER"]

1. d4 Nf6 2. Bg5 Ne4 3. Bf4 d6 4. f3 Nf6 5. e4 e6 6. Nc3 Be7 7. Qd2 O-O 8.
O-O-O a6 9. g4 Nc6 10. Nge2 b5 11. g5 Nd7 12. h4 Na5 13. b3 c5 14. Bh3 cxd4 15.
Nxd4 e5 16. Nd5 exd4 17. Nxe7+ Qxe7 18. Qxa5 Ne5 19. Qb6 Bxh3 20. Rxh3 d3 21.
cxd3 Rfc8+ 22. Kb1 Rc6 23. Qd4 Rac8 24. Bc1 Rc2 25. Bb2 Rg2 26. f4 Rcc2 27. Ba1
Qe6 28. fxe5 Rxa2 29. Qd5 Qc8 30. Bc3 Ra1+ 0-1

[Event "Oberliga Ost B 2018 2019"]
[Site "?"]
[Date "2019.04.06"]
[Round "10.2"]
[White "Wehner, Janis"]
[Black "Flach, Erich"]
[Result "1/2-1/2"]
[WhiteElo "2138"]
[BlackElo "2074"]
[PlyCount "61"]
[EventDate "2018.10.21"]
[EventType "team-tourn"]
[EventCountry "GER"]
[WhiteTeam "Erfurt SV Medizin"]
[BlackTeam "Griesheim SV II"]
[WhiteTeamCountry "GER"]
[BlackTeamCountry "GER"]

1. e4 c5 2. Nf3 e6 3. d4 cxd4 4. Nxd4 a6 5. Be3 Nf6 6. Bd3 d5 7. e5 Nfd7 8. f4
Qb6 9. Nd2 Nc6 10. N2b3 Nc5 11. Nxc6 Nxd3+ 12. Qxd3 Qxc6 13. O-O Bd7 14. Nd4
Qc7 15. Rae1 g6 16. g4 h5 17. f5 gxf5 18. gxf5 Rg8+ 19. Kh1 O-O-O 20. f6 Bc5
21. Rg1 Qxe5 22. Nf3 Rxg1+ 23. Bxg1 Qc7 24. Qc3 Bd6 25. Bd4 Qxc3 26. Bxc3 Rg8
27. Rg1 Rxg1+ 28. Kxg1 Bb5 29. Ne5 Bxe5 30. Bxe5 Be2 31. Kf2 1/2-1/2

[Event "Oberliga Ost B 2018 2019"]
[Site "?"]
[Date "2019.04.06"]
[Round "10.3"]
[White "Schnitzspan, Lothar"]
[Black "Jakob, Matthias"]
[Result "1-0"]
[WhiteElo "2271"]
[BlackElo "2124"]
[PlyCount "133"]
[EventDate "2018.10.21"]
[EventType "team-tourn"]
[EventCountry "GER"]
[WhiteTeam "Griesheim SV II"]
[BlackTeam "Erfurt SV Medizin"]
[WhiteTeamCountry "GER"]
[BlackTeamCountry "GER"]

1. Nf3 Nc6 2. d4 d6 3. Bf4 Bg4 4. d5 Nb8 5. e4 Nf6 6. Nc3 g6 7. Be2 Bg7 8. Qd2
h6 9. e5 dxe5 10. Bxe5 Nbd7 11. Bf4 g5 12. Be3 Bxf3 13. gxf3 a6 14. h4 gxh4 15.
O-O-O Ne5 16. f4 Ng6 17. f5 Ne5 18. Bf4 Ned7 19. Rdg1 Bf8 20. Bf3 Nb6 21. a4
Qd7 22. a5 Nc4 23. Qd4 Nd6 24. Be5 Nxf5 25. Qf4 h5 26. Bxf6 exf6 27. Re1+ Kd8
28. Kb1 Bh6 29. Qb4 Kc8 30. Be4 Nd6 31. Bd3 Bd2 32. Re2 Bxc3 33. Qxc3 Qd8 34.
Rxh4 Kb8 35. f3 Nb5 36. Qb3 f5 37. Reh2 Qg5 38. Rh1 Qe3 39. Bxb5 Qxb3 40. cxb3
axb5 41. b4 Rd8 42. Rd4 Ra6 43. Rxh5 Rf6 44. Kc2 c6 45. Kd3 Rfd6 46. Rxf5 f6
47. Rh5 R8d7 48. Ke4 Re7+ 49. Kf4 Red7 50. Ke3 cxd5 51. Kd3 Kc7 52. b3 Kb8 53.
Rf5 Kc7 54. Rdf4 Rf7 55. Rh4 Kd7 56. Rfh5 Re7 57. Rh7 Rde6 58. Rxe7+ Rxe7 59.
Rh1 Re6 60. Kd4 Kd6 61. Rh7 Kc6 62. Rf7 Rd6 63. Re7 Rd8 64. Re6+ Rd6 65. Re3
Kd7 66. Rc3 Rc6 67. Rc5 1-0

[Event "Oberliga Ost B 2018 2019"]
[Site "?"]
[Date "2019.04.06"]
[Round "10.4"]
[White "Kirschbaum, Gunnar"]
[Black "Diaz, Joaquin"]
[Result "1/2-1/2"]
[WhiteElo "2095"]
[BlackElo "2150"]
[PlyCount "90"]
[EventDate "2018.10.21"]
[EventType "team-tourn"]
[EventCountry "GER"]
[WhiteTeam "Erfurt SV Medizin"]
[BlackTeam "Griesheim SV II"]
[WhiteTeamCountry "GER"]
[BlackTeamCountry "GER"]

1. d4 d5 2. c4 c6 3. Nf3 Nf6 4. Nc3 e6 5. Bg5 dxc4 6. a4 Bb4 7. e3 Qa5 8. Bxf6
Bxc3+ 9. bxc3 Qxc3+ 10. Nd2 gxf6 11. Bxc4 Nd7 12. O-O Qb4 13. a5 Rb8 14. Qe2
Qe7 15. e4 b5 16. axb6 axb6 17. Rfc1 Bb7 18. Ba6 Ba8 19. Qd3 O-O 20. Qg3+ Kh8
21. Bd3 e5 22. Ra7 Rb7 23. Rca1 Rxa7 24. Rxa7 Rd8 25. Qh4 b5 26. Nf3 Qf8 27.
dxe5 Qc5 28. Rxd7 Rxd7 29. Qxf6+ Kg8 30. Qg5+ Kf8 31. Qh6+ Ke8 32. Bf1 Rd1 33.
e6 Qc1 34. exf7+ Kxf7 35. Ne5+ Ke8 36. Qe6+ Kd8 37. g3 Rxf1+ 38. Kg2 Rg1+ 39.
Kh3 Kc7 40. Qd7+ Kb8 41. Qd8+ Ka7 42. Nd7 Qh6+ 43. Kg4 Qe6+ 44. Kh4 Qh6+ 45.
Kg4 Qg6+ 1/2-1/2

[Event "Oberliga Ost B 2018 2019"]
[Site "?"]
[Date "2019.04.06"]
[Round "10.5"]
[White "Nothnagel, Markus"]
[Black "Mueller Ludwig, Kristin"]
[Result "1/2-1/2"]
[WhiteElo "2215"]
[BlackElo "2030"]
[PlyCount "23"]
[EventDate "2018.10.21"]
[EventType "team-tourn"]
[EventCountry "GER"]
[WhiteTeam "Griesheim SV II"]
[BlackTeam "Erfurt SV Medizin"]
[WhiteTeamCountry "GER"]
[BlackTeamCountry "GER"]

1. b3 Nf6 2. Bb2 d6 3. g3 g6 4. Bg2 Bg7 5. e4 e5 6. Ne2 O-O 7. O-O Nbd7 8. c4
Nc5 9. d3 a5 10. Nbc3 Bg4 11. f3 Bd7 12. Qd2 1/2-1/2

[Event "Oberliga Ost B 2018 2019"]
[Site "?"]
[Date "2019.04.06"]
[Round "10.6"]
[White "Reichel, Norbert"]
[Black "Hahn, Werner"]
[Result "1-0"]
[WhiteElo "2102"]
[BlackElo "2185"]
[PlyCount "71"]
[EventDate "2018.10.21"]
[EventType "team-tourn"]
[EventCountry "GER"]
[WhiteTeam "Erfurt SV Medizin"]
[BlackTeam "Griesheim SV II"]
[WhiteTeamCountry "GER"]
[BlackTeamCountry "GER"]

1. c4 g6 2. Nf3 Bg7 3. g3 d6 4. d4 Nf6 5. Nc3 O-O 6. Bg2 Nbd7 7. O-O e5 8. e4
Re8 9. Re1 exd4 10. Nxd4 Nc5 11. Rb1 Ng4 12. f4 f5 13. h3 Nh6 14. b4 Nxe4 15.
Nxe4 fxe4 16. Rxe4 Nf5 17. Ne2 c6 18. Rxe8+ Qxe8 19. Qd3 Be6 20. Bd2 Rd8 21. g4
Nh4 22. Bh1 h5 23. f5 gxf5 24. Bg5 fxg4 25. Bxh4 Rd7 26. Nf4 Rf7 27. Nxe6 Qxe6
28. Re1 Be5 29. Bg3 Qf6 30. h4 Bxg3 31. Qxg3 Qd4+ 32. Qe3 Qxc4 33. Qg5+ Kf8 34.
Qh6+ Rg7 35. Qf6+ Qf7 36. Qd8+ 1-0

[Event "Oberliga Ost B 2018 2019"]
[Site "?"]
[Date "2019.04.06"]
[Round "10.7"]
[White "Debortoli, Roberto"]
[Black "Nguyen, Ha Thanh"]
[Result "0-1"]
[WhiteElo "2047"]
[BlackElo "1921"]
[PlyCount "86"]
[EventDate "2018.10.21"]
[EventType "team-tourn"]
[EventCountry "GER"]
[WhiteTeam "Griesheim SV II"]
[BlackTeam "Erfurt SV Medizin"]
[WhiteTeamCountry "GER"]
[BlackTeamCountry "GER"]

1. e4 c5 2. Be2 Nc6 3. f4 g6 4. Nf3 Bg7 5. O-O d6 6. c3 e6 7. d3 Nge7 8. Be3 b6
9. Kh1 O-O 10. Qe1 d5 11. Qh4 Bd7 12. Na3 a6 13. Rad1 Nc8 14. Qg3 Qe7 15. Ne5
Ra7 16. Bf3 Nxe5 17. fxe5 Bc6 18. Bg5 f6 19. exf6 Bxf6 20. Bh6 Bg7 21. Qh3 Nd6
22. Bg4 Re8 23. Bxg7 Kxg7 24. e5 Nf5 25. d4 Rc7 26. Be2 cxd4 27. cxd4 Ba4 28.
Rd3 Qb4 29. Rc3 Rce7 30. g4 Nh6 31. Qe3 Qxb2 32. Rb1 Qxa2 33. Rxb6 Rf8 34. h3
Bd1 35. Nc2 Bxc2 36. Rxa6 Qb1+ 37. Kh2 Be4 38. Rc1 Qb2 39. Kg3 Rff7 40. Rac6
Rb7 41. R1c3 Qb1 42. Bd3 Rf3+ 43. Qxf3 Qg1+ 0-1

[Event "Oberliga Ost B 2018 2019"]
[Site "?"]
[Date "2019.04.06"]
[Round "10.8"]
[White "Grund, Sebastian"]
[Black "Allmann, Thorsten"]
[Result "1/2-1/2"]
[WhiteElo "2069"]
[BlackElo "2118"]
[PlyCount "93"]
[EventDate "2018.10.21"]
[EventType "team-tourn"]
[EventCountry "GER"]
[WhiteTeam "Erfurt SV Medizin"]
[BlackTeam "Griesheim SV II"]
[WhiteTeamCountry "GER"]
[BlackTeamCountry "GER"]

1. d4 d5 2. Nf3 e6 3. c4 Be7 4. g3 Nf6 5. Bg2 O-O 6. O-O b6 7. Nc3 Bb7 8. b3 c5
9. cxd5 Nxd5 10. Nxd5 Bxd5 11. Bb2 Nd7 12. Qd2 Nf6 13. Rfd1 Rc8 14. e3 Qc7 15.
dxc5 Qxc5 16. Rac1 Qb4 17. Bc3 Qa3 18. Qe2 Ne4 19. Bb2 Qxa2 20. Nd4 Rxc1 21.
Rxc1 Ba3 22. Bxa3 Qxa3 23. Qc2 Nf6 24. Nb5 Qa5 25. Bxd5 Nxd5 26. Qc4 a6 27. Nd4
Qd2 28. e4 Nf6 29. Nf3 Qa5 30. b4 Qh5 31. Kg2 b5 32. Qc6 h6 33. Rc5 Qg4 34.
Qxa6 Nh5 35. Qd6 g5 36. h3 Qxe4 37. Rxb5 Nf6 38. Re5 Qb7 39. b5 Nd5 40. Re1
Qxb5 41. h4 Qd3 42. Qe5 g4 43. Nd4 Qg6 44. Re4 Nf6 45. Rf4 Nd5 46. Re4 Nf6 47.
Rf4 1/2-1/2

[Event "Oberliga Ost B 2018 2019"]
[Site "?"]
[Date "2019.04.06"]
[Round "10.1"]
[White "Schmidt Schaeffer, Sebastian"]
[Black "Zimmermann, Hendrik"]
[Result "1-0"]
[WhiteElo "2333"]
[BlackElo "2227"]
[PlyCount "69"]
[EventDate "2018.10.21"]
[EventType "team-tourn"]
[EventCountry "GER"]
[WhiteTeam "Naumburger SV"]
[BlackTeam "Frankfurt SC Koenig Nied"]
[WhiteTeamCountry "GER"]
[BlackTeamCountry "GER"]

1. f4 d6 2. d4 Nf6 3. Nc3 d5 4. Nf3 Bf5 5. e3 e6 6. Be2 h6 7. O-O Be7 8. Ne5
Ne4 9. Nxe4 Bxe4 10. Bd3 Bxd3 11. cxd3 O-O 12. Qb3 Qc8 13. e4 c6 14. f5 Nd7 15.
Be3 Qc7 16. Qc3 dxe4 17. dxe4 exf5 18. Nxd7 Qxd7 19. Rxf5 Qe6 20. Re5 Qd6 21.
Rf1 Rad8 22. Ref5 Qe6 23. Re5 Qd6 24. Ref5 Qe6 25. b3 Rd7 26. e5 Bd8 27. a4 Rd5
28. b4 a5 29. bxa5 Bxa5 30. Qb2 Rd7 31. Qf2 Bc3 32. Rf6 Qg4 33. e6 gxf6 34.
exd7 Qxd7 35. Qg3+ 1-0